Dynamics of change in the Persian Gulf : (Record no. 18524)
[ view plain ]
| 000 -LEADER | |
|---|---|
| fixed length control field | 01515cam a2200277 i 4500 |
| 001 - CONTROL NUMBER | |
| control field | 17472793 |
| 003 - CONTROL NUMBER IDENTIFIER | |
| control field | EG-ScBUE |
| 005 - DATE AND TIME OF LATEST TRANSACTION | |
| control field | 20240407111931.0 |
| 008 - FIXED-LENGTH DATA ELEMENTS--GENERAL INFORMATION | |
| fixed length control field | 120924s2013 enk f b 001 0 eng d |
| 020 ## - INTERNATIONAL STANDARD BOOK NUMBER | |
| International Standard Book Number | 9780415657587 (paperback) |
| 040 ## - CATALOGING SOURCE | |
| Original cataloging agency | DLC |
| Language of cataloging | eng |
| Description conventions | rda |
| Transcribing agency | DLC |
| Modifying agency | DLC |
| -- | EG-ScBUE |
| 082 04 - DEWEY DECIMAL CLASSIFICATION NUMBER | |
| Classification number | 953.05 |
| Edition number | 22 |
| Item number | EHT |
| 100 1# - MAIN ENTRY--PERSONAL NAME | |
| Personal name | Ehteshami, Anoushiravan, |
| Relator term | author. |
| 9 (RLIN) | 5167 |
| 245 10 - TITLE STATEMENT | |
| Title | Dynamics of change in the Persian Gulf : |
| Remainder of title | political economy, war and revolution / |
| Statement of responsibility, etc | Anoushiravan Ehteshami. |
| 264 #1 - PUBLICATION, DISTRIBUTION, ETC. (IMPRINT) | |
| Place of publication, distribution, etc | Oxon ; |
| -- | New York : |
| Name of publisher, distributor, etc | Routledge, |
| Date of publication, distribution, etc | 2013. |
| 300 ## - PHYSICAL DESCRIPTION | |
| Extent | x, 292 pages ; |
| Dimensions | 24 cm |
| 336 ## - CONTENT TYPE | |
| Source | rdacontent |
| Content type term | text |
| Content type code | txt |
| 337 ## - MEDIA TYPE | |
| Media type term | unmediated |
| Source | rdamedia |
| Media type code | n |
| 338 ## - CARRIER TYPE | |
| Carrier type term | volume |
| Carrier type code | nc |
| Source | rdacarrier |
| 504 ## - BIBLIOGRAPHY, ETC. NOTE | |
| Bibliography, etc | Includes bibliographical references and index.<br/> |
| 505 0# - FORMATTED CONTENTS NOTE | |
| Formatted contents note | Geopolitics of the Persian Gulf- The Persian Gulf from Cold War to the post-Cold War era-Regional balance of power and the Persian Gulf -Oil and the Persian Gulf economy-Globalization of the Persian Gulf-Asianization of the Persian Gulf-Revolution and regime change in the Persian Gulf-Political change in the Persian Gulf oil monarchies-Between boundary and frontier : Islam and Persian Gulf politics-Impact of inter-state conflict on Persian Gulf relations-The role of external powers in Persian Gulf security relations-Militarization and Persian Gulf security. |
| 651 #7 - SUBJECT ADDED ENTRY--GEOGRAPHIC NAME | |
| Geographic name | Persian Gulf States |
| General subdivision | Politics and government. |
| Source of heading or term | BUEsh |
| 9 (RLIN) | 32246 |
| 653 ## - INDEX TERM--UNCONTROLLED | |
| Resource For college | BAEPS, Political Science |
| Arrived date list | October2014 |
| -- | October2015 |
| 655 ## - INDEX TERM--GENRE/FORM | |
| Form subdivision | Reading book |
| 942 ## - ADDED ENTRY ELEMENTS (KOHA) | |
| Source of classification or shelving scheme | Dewey Decimal Classification |
| Koha item type | Book - Borrowing |
| Withdrawn status | Lost status | Source of classification or shelving scheme | Damaged status | Not for loan | Collection code | Home library | Current library | Shelving location | Date acquired | Source of acquisition | Cost, normal purchase price | Total Checkouts | Total Renewals | Full call number | Barcode | Date last seen | Date checked out | Cost, replacement price | Price effective from | Koha item type | Serial Enumeration / chronology |
|---|---|---|---|---|---|---|---|---|---|---|---|---|---|---|---|---|---|---|---|---|---|
| Dewey Decimal Classification | Baccah | Central Library | Central Library | Second Floor | 30/10/2014 | 220.00 | 3 | 7 | 953.05 EHT | 000036887 | 15/07/2025 | 08/10/2019 | 275.00 | 30/10/2014 | Book - Borrowing | ||||||
| Dewey Decimal Classification | Baccah | Central Library | Central Library | Second Floor | 30/10/2014 | 220.00 | 2 | 4 | 953.05 EHT | 000036888 | 15/07/2025 | 25/11/2015 | 275.00 | 30/10/2014 | Book - Borrowing | ||||||
| Dewey Decimal Classification | Baccah | Central Library | Central Library | Second Floor | 30/10/2014 | 220.00 | 5 | 13 | 953.05 EHT | 000036889 | 15/07/2025 | 08/03/2017 | 275.00 | 30/10/2014 | Book - Borrowing | ||||||
| Dewey Decimal Classification | Alahram | Central Library | Central Library | Second Floor | 28/06/2015 | Purchase | 340.00 | 2 | 1 | 953.05 EHT | 000039082 | 15/07/2025 | 03/12/2016 | 425.00 | Book - Borrowing | 319 |